[Event "FIDE Chesscom Grand Swiss 2021"]
[Site "Riga"]
[Date "2021.11.05"]
[Round "9.16"]
[White "Demchenko, Anton"]
[Black "Fedoseev, Vladimir"]
[Result "0-1"]
[WhiteElo "2651"]
[BlackElo "2704"]
[Annotator "TA"]
[PlyCount "140"]
[EventDate "2021.10.27"]
[EventType "swiss"]
[EventCountry "LAT"]
[Tiebreak "Cut1 Buchholz+Sonneborn-Berger (Swiss)"]
[SourceTitle "playchess.com"]
[Source "ChessBase"]
[SourceQuality "1"]

{[%evp 9,140,9,11,13,13,13,10,13,10,0,19,16,26,2,10,6,0,-12,0,0,0,0,0,0,0,0,0,
0,0,0,0,0,0,0,0,0,0,0,0,-53,-47,-37,-23,-42,-41,-41,-41,-83,-19,-23,0,-82,-79,
-85,-85,-85,-85,-85,0,-76,-79,-77,-72,-5513,-5513,-5202,-4,-83,-84,-88,-8,-96,
-96,-96,-63,-63,-63,-84,-63,-63,-63,-63,-63,-63,-63,-64,-31,-16,-16,-63,-63,
-63,-63,-63,-63,-63,-63,-63,-63,-63,-63,-91,-63,-63,-47,-63,-63,-63,-63,-70,0,
0,0,0,0,-59,0,0,0,0,0,-5,-8,-27,-34,-29977,-29978,-29978,-29979,-29979,-29980,
-29980,-29981]} 1. e4 c6 2. d4 d5 3. e5 c5 4. Nf3 cxd4 5. Nxd4 Nc6 6. Nxc6 {
B12: Caro-Kann: Advance Variation.} bxc6 7. Bd3 e6 8. O-O {The position is
equal.} Ne7 9. Nd2 a5 10. Nf3 Ng6 11. Re1 Ba6 {[#]} 12. Bxa6 $146 ({
Predecessor:} 12. Bxg6 hxg6 13. Be3 Rb8 14. Rb1 Be7 15. c3 c5 16. a3 O-O 17.
Qd2 a4 18. Bg5 {1/2-1/2 (45) Pasztor,B (2204)-Ochedzan,T (2219) Budapest 2021})
12... Rxa6 {[%cal Ba8a6,Ba6b6,Bb6b2][%mdl 32]} 13. Qe2 Rb6 14. Be3 Rxb2 15. Qa6
Bb4 ({Avoid the trap} 15... Rxc2 $2 16. Bb6 $18) 16. c3 Be7 17. Qxc6+ Qd7 $1 {
[%cal Rd7c6]} 18. Qa8+ Bd8 19. Rab1 Rxb1 20. Rxb1 {Bc5 is the strong threat.}
O-O 21. Bc5 Be7 22. Qxa5 Bxc5 $40 {[%mdl 128] Black mounts an attack.} 23. Qxc5
Qa4 24. h3 (24. Ra1 $11) 24... Qxa2 $15 25. Rb4 h6 26. h4 Qc2 27. Kh2 Qf5 28.
Qd4 Ne7 (28... Rc8 $1 $17) 29. Qc5 $11 Ng6 (29... Re8 $11) 30. Qd4 $17 Rc8 $1
31. c4 Rxc4 32. Rxc4 dxc4 33. Qxc4 Nf4 (33... Nxe5 $17 34. Nxe5 Qxe5+ 35. Kh3
g6) 34. Kg3 (34. Qc8+ $1 $11 Kh7 35. Qb7) 34... g5 $1 35. hxg5 hxg5 {Threatens
to win with ...Ne2+!} 36. Qc8+ $2 {[%mdl 8192]} (36. Kh2 $17) 36... Kg7 $19 {
( -> ...Ne2+)} 37. Qc4 {[#]} Nh5+ $2 (37... Ne2+ $1 $19 {[%mdl 512] and Black
stays clearly on top.} 38. Kh2 Qh7+ 39. Nh4 Qxh4+ 40. Qxh4 gxh4) 38. Kh2 $17 g4
39. Nd2 Qg5 ({Don't play} 39... Qxf2 $6 40. Qxg4+ Kh6 41. Nf3 $11) (39... Qxe5+
$17 40. g3 f5) 40. Nf1 (40. Qc3 $1 $11 {remains equal.}) 40... Qxe5+ 41. g3 f5
42. Ne3 Nf6 43. Ng2 Qd6 44. Nf4 Kf7 45. Qa2 Qb6 46. Nd3 Ne4 47. Qa1 Qd8 48.
Qa7+ Kg8 49. Ne5 {Intending Qf7+ and mate.} Ng5 50. Qe3 Qf6 51. Kg2 Qg7 52. Kf1
Kh7 53. Ke2 Kh6 54. Qd4 Qb7 55. Nd7 Kh7 {White must now prevent ...Nf3.} 56.
Ne5 Qb8 57. Nd3 Qc7 58. Ne5 $1 Kg8 (58... Qc2+ {is more complex.} 59. Kf1 Qb1+
60. Kg2 Qb7+ 61. Kf1 Nf7) 59. Kf1 Nf3 (59... Qc1+ $15 60. Ke2 Qc7) 60. Nxf3 $11
gxf3 {[%mdl 4096] Endgame KQ-KQ} 61. Qe3 Qc6 62. Ke1 ({Better is} 62. Qg5+ $11
Kf7 63. Qh5+ Kf6 64. Kg1) 62... Qd5 ({Black should try} 62... Kf7 $15) 63. Qg5+
$1 Kf7 64. Qh5+ Ke7 65. Qh4+ Ke8 66. Qa4+ (66. Qh8+ {looks sharper.} Kd7 67.
Qg7+ Kd6 68. Qf8+ Kc6 69. Qc8+) 66... Kf7 {Strongly threatening ...Qd3.} 67.
Kf1 $2 {[%mdl 8192]} (67. Qh4 $15) 67... Qd2 {Black mates.} 68. Qa7+ {[#]} Kg6
$1 {[%cal Rd2d1]} 69. Qa1 Qh6 {[%cal Rh6h1]} 70. Kg1 Qh3 {[%csl Gf3][%cal
Rh3g2] Weighted Error Value: White=0.19/Black=0.21} 0-1

[Event "FIDE Chesscom Grand Swiss 2021"]
[Site "Riga"]
[Date "2021.11.05"]
[Round "9.17"]
[White "Xiong, Jeffery"]
[Black "Ter-Sahakyan, Samvel"]
[Result "1/2-1/2"]
[WhiteElo "2700"]
[BlackElo "2607"]
[Annotator "TA"]
[PlyCount "63"]
[EventDate "2021.10.27"]
[EventType "swiss"]
[EventCountry "LAT"]
[Tiebreak "Cut1 Buchholz+Sonneborn-Berger (Swiss)"]
[SourceTitle "playchess.com"]
[Source "ChessBase"]
[SourceQuality "1"]

{[%evp 14,63,4,0,0,0,12,0,39,20,29,0,29,13,18,0,0,0,0,0,50,10,0,0,0,0,36,39,51,
49,51,39,90,0,78,81,102,81,35,62,104,86,79,81,87,83,86,82,98,0,0,0]} 1. e4 c5
2. Nf3 d6 3. Bb5+ Bd7 4. Bxd7+ Nxd7 5. O-O Ngf6 6. Qe2 e6 7. d4 cxd4 8. Nxd4
Qa5 {8...a6 is becoming the main line. B52: Sicilian: Moscow Variation with 3..
.Bd7.} 9. Rd1 Rc8 10. c4 {[#]} Qh5 $146 ({Predecessor:} 10... a6 11. b3 g5 12.
Bb2 Rg8 13. Nd2 g4 14. Kh1 h5 15. a3 h4 16. f4 gxf3 17. gxf3 {1/2-1/2 (42)
Baglan,E (2359)-Bjerre,J (2546) Belgrade 2021}) 11. f3 a6 12. Be3 Ne5 13. Nd2
Be7 14. Rac1 O-O 15. b4 {[%cal Bb2b4,Bb4b5][%mdl 32]} Rc7 16. Kh1 h6 17. a4
Rfc8 18. N4b3 Nfd7 19. Qf1 Kh8 20. b5 Ra8 21. h3 Nf6 22. Bf4 Qh4 {[#]} (22...
axb5 $14 23. axb5 Ng6) 23. Bh2 (23. g3 $1 $16 {[%cal Rg3h4]} Qh5 24. g4) 23...
Ned7 (23... Nh5 $1 $11 {remains equal.}) 24. f4 $16 Qh5 25. e5 dxe5 26. fxe5
Ne8 27. a5 axb5 28. cxb5 Rxc1 29. Rxc1 Nxe5 30. g4 Qg5 31. Qg2 (31. a6 $16 bxa6
32. b6) 31... Nd3 $11 32. Qxb7 {Weighted Error Value: White=0.17/Black=0.17}
1/2-1/2

[Event "FIDE Chesscom Grand Swiss 2021"]
[Site "Riga"]
[Date "2021.11.05"]
[Round "9.18"]
[White "Tari, Aryan"]
[Black "Artemiev, Vladislav"]
[Result "0-1"]
[WhiteElo "2646"]
[BlackElo "2699"]
[Annotator "TA"]
[PlyCount "90"]
[EventDate "2021.10.27"]
[EventType "swiss"]
[EventCountry "LAT"]
[Tiebreak "Cut1 Buchholz+Sonneborn-Berger (Swiss)"]
[SourceTitle "playchess.com"]
[Source "ChessBase"]
[SourceQuality "1"]

{[%evp 9,90,29,28,33,45,26,29,25,31,29,33,26,28,24,41,0,0,0,5,2,15,10,12,-4,4,
0,0,-14,-8,-12,-17,-14,-6,-11,0,-16,-9,-22,-22,-28,-17,-17,-21,-28,-23,-19,-19,
-30,-25,-93,-89,-99,-97,-102,-110,-102,-98,-85,-81,-115,-103,-133,-113,-114,
-95,-142,-129,-282,-275,-350,-295,-315,-315,-315,-315,-749,-740,-739,-726,-949,
-920,-879,-862]} 1. e4 e5 2. Nf3 Nc6 3. Bb5 Nf6 4. d3 d6 5. O-O Bd7 6. Re1 {
C66: Ruy Lopez: Steinitz Defence.} g6 7. c3 Bg7 8. h3 {White has an edge.} O-O
9. a4 {9.a4 is the modern continuation.} Re8 10. Nbd2 h6 11. Bc4 Be6 {[#]} 12.
a5 $146 ({Predecessor:} 12. Bxe6 Rxe6 13. b4 a5 14. b5 Nb8 15. d4 Nbd7 16. Bb2
Qe8 17. Qc2 d5 18. dxe5 Nxe5 19. Nd4 {1-0 (49) Gierulski,K (2270)-Karpus,M 
(2179) Sypniewo 2021}) 12... Bxc4 13. Nxc4 b5 14. axb6 axb6 15. Rxa8 Qxa8 16.
Qb3 Nb8 17. Be3 Nbd7 18. Qb5 Bf8 19. Qb3 d5 20. Ncd2 Qc6 21. Qd1 b5 22. Qc1 Kh7
23. Qb1 b4 24. Rc1 Qb7 25. Qa2 bxc3 26. bxc3 Ra8 27. Qc2 Ra3 28. Nb1 Ra1 {
[%cal Rd5e4]} 29. Nfd2 (29. exd5 $11 {remains equal.} Nxd5 30. Bd2) 29... dxe4
$17 30. dxe4 Bc5 31. Re1 Bxe3 32. Rxe3 Nc5 33. Kh2 c6 34. Re1 Qa7 35. Re3 Kg7
36. c4 Ra2 37. Qc3 Qb8 38. f3 $2 {This move loses the game for White.} (38. Re1
$17 {was worth a try.}) 38... Nh5 $19 39. Qc1 Nf4 40. Ra3 {[#]} Rb2 41. Qc3 {
intending Ra8.} Ne2 42. Qa5 (42. Qe3 Nd4 43. Qc3) 42... Qd6 {( -> ...Qd4).
Black is clearly winning.} 43. Re3 Nf4 44. g3 {[#]} Qd4 $1 45. Qc3 {[#]} Ncd3
$1 {Weighted Error Value: White=0.34/Black=0.04} 0-1

[Event "FIDE Chesscom Grand Swiss 2021"]
[Site "Riga"]
[Date "2021.11.05"]
[Round "9.19"]
[White "Navara, David"]
[Black "Keymer, Vincent"]
[Result "0-1"]
[WhiteElo "2691"]
[BlackElo "2630"]
[Annotator "TA"]
[PlyCount "92"]
[EventDate "2021.10.27"]
[EventType "swiss"]
[EventCountry "LAT"]
[Tiebreak "Cut1 Buchholz+Sonneborn-Berger (Swiss)"]
[SourceTitle "playchess.com"]
[Source "ChessBase"]
[SourceQuality "1"]

{[%evp 18,92,27,8,0,0,0,0,0,-6,0,0,0,0,-4,-23,-25,-58,-37,-81,-79,-93,-102,-98,
-73,-143,-112,-120,-120,-204,-217,-216,-231,-206,-180,-254,-260,-336,-265,-370,
-361,-339,-352,-453,-443,-456,-463,-469,-479,-611,-604,-589,-592,-541,-564,
-485,-496,-856,-852,-1526,-989,-2283,-2214,-1781,-1681,-29980,-29981,-29981,
-29982,-29982,-29983,-29983,-29984,-29984,-29985,-29983,-29984]} 1. d4 Nf6 2.
c4 e6 3. Nf3 d5 4. Nc3 c5 5. e3 Nc6 6. a3 dxc4 7. Bxc4 a6 8. O-O b5 9. Ba2 Bb7
10. Qe2 {10.d5 is the hot move.} Qc7 {D40: Queen's Gambit Declined:
Semi-Tarrasch with 5 e3.} 11. d5 exd5 12. Nxd5 Nxd5 {The position is equal.}
13. Bxd5 Be7 14. a4 Qb6 15. e4 O-O {[#]} 16. Bf4 $146 ({Predecessor:} 16. Bg5
Nd4 17. Nxd4 Bxg5 18. Bxb7 Qxb7 19. Nf5 g6 20. Nd6 Qc6 21. e5 c4 22. Rad1 {
1/2-1/2 (30) Sandipan,C (2507)-Fridman,D (2571) Pardubice 2002}) 16... Nb4 17.
a5 Qa7 18. Rfd1 Rae8 {Black continues to play with concentration.} 19. Bxb7
Qxb7 20. Ne5 Rd8 21. h4 (21. b3 $142) 21... Qc8 22. h5 h6 23. Ra3 (23. Bd2 $17)
23... Qe6 24. Rg3 Rxd1+ 25. Qxd1 Rd8 26. Qe2 (26. Qg4 $142 Qxg4 27. Nxg4) 26...
c4 $19 27. Ng4 {White wants to play Nxh6+.} Kh7 28. e5 Nd3 {[%cal Bb4d3,Bd3f2,
Bf2g4][%mdl 32]} 29. Bd2 Qf5 ({Resist} 29... Nxb2 30. Bxh6 gxh6 31. Qxb2 $19)
30. Ne3 {[#]} Qxf2+ {[%mdl 512]} 31. Qxf2 Nxf2 32. Nf5 Rxd2 33. Rxg7+ Kh8 34.
Rxf7 Bc5 {White must now prevent ...Ng4+.} 35. Kh2 Ng4+ 36. Kh3 Nxe5 37. Rf6 (
37. Rc7 $142 Bb4 38. Rc8+ Kh7 39. g4) 37... Rxb2 {Hoping for ...c3.} 38. Rxh6+
Kg8 39. Rxa6 c3 40. Ra8+ Kf7 {( -> ...c2)} 41. Rc8 {[#]} c2 $1 {Black mates.}
42. Rxc5 Nc4 43. Nd6+ Ke6 44. Nxc4 c1=Q {[%mdl 64] Pin} 45. Re5+ Kf6 46. Nxb2
Qc3+ {Weighted Error Value: White=0.64/Black=0.06} 0-1

[Event "FIDE Chesscom Grand Swiss 2021"]
[Site "Riga"]
[Date "2021.11.05"]
[Round "9.20"]
[White "Wojtaszek, Radoslaw"]
[Black "Niemann, Hans Moke"]
[Result "1/2-1/2"]
[WhiteElo "2691"]
[BlackElo "2638"]
[Annotator "TA"]
[PlyCount "61"]
[EventDate "2021.10.27"]
[EventType "swiss"]
[EventCountry "LAT"]
[Tiebreak "Cut1 Buchholz+Sonneborn-Berger (Swiss)"]
[SourceTitle "playchess.com"]
[Source "ChessBase"]
[SourceQuality "1"]

{[%evp 23,61,-14,10,12,32,32,50,39,82,13,4,0,0,0,0,0,0,0,0,0,0,0,35,14,27,29,
142,131,155,0,14,0,28,0,0,0,20,0,0,0]} 1. d4 {Lautier,J} d5 2. c4 c6 3. Nf3 Nf6
4. Nc3 e6 5. e3 Nbd7 6. Bd3 dxc4 7. Bxc4 b5 8. Bd3 Bb7 9. e4 b4 10. Na4 c5 11.
e5 Nd5 12. O-O h6 13. Bd2 {D47: Semi-Slav: Meran System.} a6 14. Re1 cxd4 15.
Rc1 {[#] White is slightly better.} Be7 $146 ({Predecessor:} 15... Rc8 16. Rxc8
Qxc8 17. Nxd4 Nc5 18. Nxc5 Bxc5 19. Qg4 Bxd4 20. Qxd4 O-O 21. Qe4 f5 22. exf6
Rxf6 {1-0 (40) Lautier,J (2666)-Akopian,V (2703) Enghien les Bains 2003 CBM
096 [Lautier,J]}) 16. Rc4 (16. Nxd4 $16 {Qg4 is the strong threat.} Bg5 17. Nc6
Bxc6 18. Rxc6) 16... Rc8 $11 17. Rxd4 Nc5 18. Nxc5 Bxc5 19. Rg4 Kf8 20. Qe2 a5
21. h4 g6 22. Rc1 Bb6 23. Rd1 Qd7 24. a3 Qe7 (24... bxa3 $11 25. bxa3 Qe7) 25.
axb4 $16 Nxb4 {[#]} 26. Bc4 (26. Bxg6 $1 $16 fxg6 27. Rxg6) 26... Rd8 $11 27.
b3 Rd7 28. Bb5 Rd8 {The position is equal.} 29. Bc4 Rd7 30. Bb5 Rd8 31. Bc4 {
Weighted Error Value: White=0.19/Black=0.19} 1/2-1/2

[Event "FIDE Chesscom Grand Swiss 2021"]
[Site "Riga"]
[Date "2021.11.05"]
[Round "9.21"]
[White "Yilmaz, Mustafa"]
[Black "Grandelius, Nils"]
[Result "1/2-1/2"]
[WhiteElo "2626"]
[BlackElo "2662"]
[Annotator "TA"]
[PlyCount "49"]
[EventDate "2021.10.27"]
[EventType "swiss"]
[EventCountry "LAT"]
[Tiebreak "Cut1 Buchholz+Sonneborn-Berger (Swiss)"]
[SourceTitle "playchess.com"]
[Source "ChessBase"]
[SourceQuality "1"]

{[%evp 17,38,23,33,0,0,0,0,0,9,0,0,-1,0,0,0,0,0,0,0,0,0,0,0]} 1. d4 Nf6 2. c4
g6 3. Nc3 d5 4. Nf3 Bg7 5. Qb3 dxc4 6. Qxc4 O-O 7. e4 Bg4 8. Be3 Nfd7 9. Rd1 $1
{[%mdl 4] now scores much better than the old 9.Qb3.} Nc6 10. Qb3 {D98:
Grünfeld: Russian System: 7 e4 Bg4 .} e5 {The position is equal.} 11. dxe5 $1
Ncxe5 12. Be2 {[#] And now Nxe5 would win.} Be6 13. Qxb7 Rb8 14. Qxa7 Ra8 15.
Qb7 Rb8 16. Qa7 Ra8 17. Qb7 Rb8 18. Qa7 Ra8 19. Qb7 Rb8 {[#] A rather calm
draw.  Weighted Error Value: White=0.06/Black=0.01} {Predecessor:} 20. Qa6 $146
Nxf3+ 21. Bxf3 Rxb2 22. Qa3 Rc2 23. Nd5 Qa8 24. Qxa8 Rxa8 25. O-O {1/2-1/2 (22)
Shipov,S (2510)-Avrukh,B (2430) Groningen 1995} 1/2-1/2

[Event "FIDE Chesscom Grand Swiss 2021"]
[Site "Riga"]
[Date "2021.11.05"]
[Round "9.22"]
[White "Ponkratov, Pavel"]
[Black "Kuzubov, Yuriy"]
[Result "0-1"]
[WhiteElo "2659"]
[BlackElo "2624"]
[Annotator "TA"]
[PlyCount "80"]
[EventDate "2021.10.27"]
[EventType "swiss"]
[EventCountry "LAT"]
[Tiebreak "Cut1 Buchholz+Sonneborn-Berger (Swiss)"]
[SourceTitle "playchess.com"]
[Source "ChessBase"]
[SourceQuality "1"]

{[%evp 12,80,1,0,3,1,0,0,0,0,5,0,17,-4,20,-12,16,-59,-59,-36,-59,-50,-19,-70,
-62,-92,-79,-124,-131,-128,-125,-121,-117,-129,-127,-128,-129,-125,-122,-145,
-143,-143,-141,-235,-223,-248,-207,-214,-219,-217,-222,-206,-202,-211,-215,
-198,-199,-290,-237,-268,-261,-412,-414,-650,-647,-823,-822,-812,-799,-725,
-409]} 1. e4 e5 2. Nf3 Nf6 3. d4 Nxe4 4. Bd3 d5 5. Nxe5 Nd7 6. O-O Nxe5 7. dxe5
Nc5 {C43: Petroff Defence: 3 d4.} 8. Be3 (8. f4 g6 9. Be3 Nxd3 10. Qxd3 c5 11.
Rd1 d4 12. Bf2 Bg4 13. Rd2 Qd7 14. c3 Bh6 15. h3 Bf5 16. Qg3 Bxb1 17. Qh4 Qf5
18. Qxh6 {1-0 (51) Ponkratov,P (2629)-Kuzubov,Y (2653) Krasnaya Polyana 2021})
8... Nxd3 9. Qxd3 b6 $5 {[%mdl 4] The position is equal. Exploring less
charted territory.} 10. Nc3 c6 11. Ne2 {[#]} Qc7 $146 ({Predecessor:} 11... Be7
12. f4 O-O 13. f5 Re8 14. Ng3 Bf8 15. e6 fxe6 16. f6 gxf6 17. Nh5 f5 {1/2-1/2 
(33) Bulgarini Torres,M (2283)-Silva,F (2266) ICCF email 2018}) 12. f4 Bb7 13.
c4 O-O-O 14. Rac1 (14. cxd5 $11 Rxd5 15. Qc2) 14... Ba6 $1 $15 15. b3 Ba3 16.
Rc2 c5 17. Ng3 (17. Nc3 $1 $11 dxc4 18. Qe2) 17... g6 $1 18. Bf2 {White is on
the road to losing.} Rhe8 19. Nh1 dxc4 20. Qe2 Qd7 21. bxc4 Qd3 22. Ng3 f5 23.
Be1 Qxe2 24. Nxe2 Rd3 25. Nc3 Bxc4 26. Nb1 Bb5 27. Bc3 {[#]} (27. Rf3 $17 Bb4
28. Bxb4 Rd1+ {[%mdl 64] Double Attack} 29. Kf2 Rxb1 30. Be1) 27... Ba4 $1 $19
28. Rcf2 {[#]} (28. Re2 a5) 28... c4 $1 {White must now prevent ...Bc5.} 29.
Nxa3 {And now Bb4 would win.} Rxc3 30. Nb1 Rd3 31. Rc1 {[#]} Kb7 $1 32. Rb2 Rc8
33. Nc3 Bd7 34. Re2 (34. g3 {was called for.}) 34... Be6 35. Nb5 {Nd6+ would
now be nice for White.} Rc5 36. a4 (36. Nc3 $142) 36... c3 37. Rec2 (37. Nd6+
$142 Kc6 38. Nb5) 37... a6 {Black is clearly winning.} 38. Nd6+ Kc6 39. Kf2 Bb3
{[%mdl 64] Double Attack} 40. Re2 Rd2 {Weighted Error Value: White=0.35/
Black=0.05} 0-1

[Event "FIDE Chesscom Grand Swiss 2021"]
[Site "Riga"]
[Date "2021.11.05"]
[Round "9.23"]
[White "Pichot, Alan"]
[Black "Aronian, Levon"]
[Result "0-1"]
[WhiteElo "2628"]
[BlackElo "2782"]
[Annotator "TA"]
[PlyCount "80"]
[EventDate "2021.10.27"]
[EventType "swiss"]
[EventCountry "LAT"]
[Tiebreak "Cut1 Buchholz+Sonneborn-Berger (Swiss)"]
[SourceTitle "playchess.com"]
[Source "ChessBase"]
[SourceQuality "1"]

{[%evp 22,79,49,54,18,22,20,47,39,11,45,45,46,31,43,-56,-65,-67,-64,-128,-91,
-101,-80,-104,-116,-129,-131,-122,-145,-133,-141,-218,-205,-221,-214,-264,-275,
-266,-304,-302,-295,-302,-295,-314,-305,-293,-258,-247,-244,-468,-447,-646,
-647,-2422,-2206,-29982,-29983,-29998,-29999,-29999]} 1. e4 e5 2. Nf3 Nc6 3.
Bb5 a6 4. Ba4 Nf6 5. O-O Bc5 6. c3 b5 7. Bb3 d6 8. a4 Bb7 9. d4 Bb6 10. Re1 O-O
$1 {10...0-0 is better than 10...h6.} 11. Bg5 h6 12. Bh4 exd4 {C78: Ruy Lopez:
Archangelsk and Möller Defences.} 13. cxd4 g5 14. Nxg5 hxg5 {White is slightly
better.} 15. Bxg5 {Hoping for Bd5.} Nxd4 16. Bd5 {[%cal Rd5b7]} c6 {[#]} (16...
Bxd5 17. exd5 Kg7 18. Nc3 $11) 17. Ra3 $1 {[%cal Ra3g3][%mdl 1024] White has
compensation.} Re8 {[#]} (17... cxd5 $2 18. Rg3 $18) (17... Ne6 18. Bxe6) 18.
Ba2 (18. a5 $1 $14 Ba7 (18... cxd5 19. Rg3) 19. Rg3) 18... Re5 $1 $15 {[%cal
Re5g5]} 19. Rg3 {Intending Bxf6+ and mate.} Kf8 {[#] Strongly threatening ...
Qe7.} 20. Nd2 $146 {[#] Black converts the advantage convincingly.} (20. Qd2
$15) ({Predecessor:} 20. h4 Qe7 21. Nd2 d5 22. a5 Ba7 23. Bb1 Rd8 24. Qc1 Qe6
25. Nf3 dxe4 26. Bxf6 Qxf6 27. Nxe5 {1-0 (55) Raja,H (2459)-Milikow,Y (2299)
Banja Vrujci 2021}) 20... Rxg5 $1 21. Rxg5 c5 22. Bb1 c4 23. h4 Ne6 {[%cal
Bd4e6,Be6g7,Bg7h5][%mdl 32]} 24. Rf5 Ng7 25. Rg5 Nh7 $36 {[%mdl 2048] Black
has strong initiative.} 26. Rg3 (26. Rg4 $17 Nf6 27. Rg5) 26... Qf6 $1 $19 ({
Less strong is} 26... Qxh4 27. Nxc4 Bc5 28. Ne3 $17) 27. Nf3 Qf4 {...Qxg3 is
the strong threat.} 28. Nd4 Qe5 (28... Qxh4 29. Rxg7 $1 {[%mdl 512]} Bxd4 30.
Qxd4 $16) 29. Ne2 Nh5 30. Rf3 {[#] And now Rf5 would win.} Bc8 31. Qd5 Qxd5 32.
exd5 N7f6 33. Bf5 Ng4 ({Not} 33... Nxd5 34. Be4 $11) (33... bxa4 34. Ra1 $17)
34. Bxc8 Rxc8 35. Nc3 $2 (35. axb5 {was worth a try.} axb5 36. Nc3) 35... b4
36. Ne4 (36. Nd1 $142 c3 37. bxc3 bxc3 38. Nxc3 Bxf2+ {[%mdl 64] Deflection}
39. Rxf2 Nxf2 40. Kxf2 Rxc3 41. Re4) 36... Re8 37. Rxf7+ Kxf7 ({Weaker is} 
37... Kg8 38. Rf5 $15) 38. Nxd6+ Kg6 {[%cal Re8e1] Black mates.} 39. Rxe8 Bxf2+
{[%mdl 64] Double Attack} 40. Kh1 Ng3# {Weighted Error Value: White=0.68/
Black=0.03} 0-1